皮囊
| 資料類型: | 圖書 | 書目號: | 51649 |
Leader xxxxxxxxxx 001 __ 102488/2/01 005 __ 20171120175607.339 010 0_ |a9789865824860|b平裝|d新臺幣360元 042 __ |anbic 100 __ |a20171120d2017 m y0chiy50 b 101 0_ |achi 102 __ |atw 105 __ |ay z 000cy 200 1_ |a皮囊|dNO MORE THAN SKINS|f蔡崇達作 205 __ |a初版 210 __ |a臺北市|c新經典圖文傳播|d2017[民106] 215 0_ |a299面|d21公分 225 12 |a文學森林|vLF0082 225 12 |aLiterary forest|vLF0082 510 1_ |aNO MORE THAN SKINS|zeng 681 __ |a855|b8447 700 _1 |a蔡|b崇達|4作 801 _0 |atw|bLibDipper|c20171120|gCCR |